Porovnanie vybraných parametrov pri investovaní do bitcoinu, zlata a indexu S&P 500 za roky 2015 - 2020

Cieľom článku je kvantifikovať a porovnať zvolené investičné parametre vybraných finančných nástrojov (akciový index S&P 500, zlato a bitcoin). Hodnotenie ziskovosti a rizika. Korelačná analýza cien. Výskum za obdobie 2015-2020.

Salvato in:
Dettagli Bibliografici
Autore principale: Badura, Peter, 1978-
Altri autori: Kalusová, Lenka, 1987-
Natura: Capitolo di libro
Lingua:slovacco
Soggetti:
Tags: Aggiungi Tag
Nessun Tag, puoi essere il primo ad aggiungerne!!

MARC

LEADER 00000naa$a2200000$$$4500
001 0267246
005 20250805090724.6
041 0 |a slo 
044 |a CZ 
245 1 0 |a Porovnanie vybraných parametrov pri investovaní do bitcoinu, zlata a indexu S&P 500 za roky 2015 - 2020  |c Peter Badura, Lenka Kalusová 
520 |a Cieľom článku je kvantifikovať a porovnať zvolené investičné parametre vybraných finančných nástrojov (akciový index S&P 500, zlato a bitcoin). Hodnotenie ziskovosti a rizika. Korelačná analýza cien. Výskum za obdobie 2015-2020. 
610 2 0 |a zlato 
610 2 0 |a mena virtuálna 
610 2 0 |a analýza korelačná 
610 2 0 |a investovanie 
610 2 0 |a trhy 
100 1 |a Badura, Peter, 1978- 
700 1 |a Kalusová, Lenka, 1987-